Arxius històrics del Garraf
Descripción Física:
v. : il. ; 24 cm
Otros Autores:
Gabernet i Tejedor, Assumpta
MARC
| LEADER | 00000nam a2200000Ia 4500 | ||
|---|---|---|---|
| 001 | 14692 | ||
| 008 | 160829s2001 xx 000 0 cat d | ||
| 080 | |a A-2-158 | ||
| 245 | |a Arxius històrics del Garraf | ||
| 260 | |a Vilanova i la Geltrú : |b Àrea de Cultura del Consell Comarcal del Garraf, |c 2001 | ||
| 300 | |a v. : |b il. ; |c 24 cm | ||
| 590 | |a A la contracoberta: Consell Comarcal del Garraf ; Generalitat de Catalunya, Departament de Cultura. | ||
| 590 | |a Conté: v. 1: Municipis de Vilanova i la Geltrú, Sitges, Sant Pere de Ribes, Cubelles, Canyelles, Olivella / [autors dels textos: Assumpta Gabernet i Tejedor ... [et al.]] | ||
| 650 | |a Arxius |x Garraf |x Guies |9 25452 | ||
| 650 | |a Fons d'arxius |x Garraf |x Guies |9 25453 | ||
| 700 | |a Gabernet i Tejedor, Assumpta |9 25455 | ||
| 710 | 2 | |a Catalunya. |b Departament de Cultura |9 52819 | |
| 710 | 1 | |a Garraf (Catalunya). |b Consell Comarcal |9 54156 | |
| 866 | |a 1 | ||
| 901 | |a Arxiu | ||
| 942 | |n 1 | ||
| 952 | |0 0 |1 0 |4 0 |6 A2158 |7 1 |9 43623 |a Arxiu |b Arxiu |d 2016-12-01 |l 0 |o A-2-158 |p 14692 |r 2016-12-01 00:00:00 |w 2016-12-01 |y ARXIU | ||
| 999 | |c 46171 |d 46171 | ||